Low carbon cluster (Record no. 120847)

MARC details
000 -LEADER
fixed length control field 01145cai a22002415a 4500
001 - CONTROL NUMBER
control field L149715
008 - FIXED-LENGTH DATA ELEMENTS--GENERAL INFORMATION
fixed length control field 100414u2009 xxk g 000 0 eng d
035 ## - SYSTEM CONTROL NUMBER
System control number (Sirsi) u149715
041 0# - LANGUAGE CODE
Language code of text/sound track or separate title eng
050 ## - LIBRARY OF CONGRESS CALL NUMBER
Classification number 338.4569 $2 18
110 2# - MAIN ENTRY--CORPORATE NAME
Corporate name or jurisdiction name as entry element Asset Skills
9 (RLIN) 5165
245 00 - TITLE STATEMENT
Title Low carbon cluster
Remainder of title sector skills assessment report
Medium [electronic resource]
260 ## - PUBLICATION, DISTRIBUTION, ETC.
Place of publication, distribution, etc. [S.I.]
Name of publisher, distributor, etc. [s.n.]
Date of publication, distribution, etc. 2009
520 ## - SUMMARY, ETC.
Summary, etc. This report is the result of a collaboration of 11 Sector Skills Councils responsible for much of the low carbon cluster and transforming the industry into a low carbon economy; this demands involvement from all employers and the report provides an overview of low carbon industries and of the skills needs affecting them including construction; mentions RICS campaign on page 58.
590 ## - LOCAL NOTE (RLIN)
Local note KA
651 #4 - SUBJECT ADDED ENTRY--GEOGRAPHIC NAME
Geographic name United Kingdom
Chronological subdivision
690 ## - LOCAL SUBJECT ADDED ENTRY--TOPICAL TERM (OCLC, RLIN)
Topical term or geographic name as entry element BUILT ENVIRONMENT
710 2# - ADDED ENTRY--CORPORATE NAME
Corporate name or jurisdiction name as entry element Cogent
710 2# - ADDED ENTRY--CORPORATE NAME
Corporate name or jurisdiction name as entry element Construction Skills
9 (RLIN) 5689
710 2# - ADDED ENTRY--CORPORATE NAME
Corporate name or jurisdiction name as entry element Engineering Construction Industry Training Board
856 40 - ELECTRONIC LOCATION AND ACCESS
Uniform Resource Identifier <a href="https://www.euskills.co.uk/home/resources/986/Low+Carbon+Cluster+">https://www.euskills.co.uk/home/resources/986/Low+Carbon+Cluster+</a>
Public note View the website free of charge at www.euskills.co.uk
942 ## - ADDED ENTRY ELEMENTS (KOHA)
Suppress in OPAC 0
Holdings
Withdrawn status Lost status Source of classification or shelving scheme Damaged status Not for loan Home library Current library Shelving location Date acquired Total Checkouts Full call number Barcode Date last seen Copy number Price effective from Koha item type
    Dewey Decimal Classification     Virtual Virtual Online 14/04/2010   149715.1 149715-1001 06/08/2019 1 06/08/2019 Online material